Manuel Castells (Record no. 480601)
[ view plain ]
| 000 -LEADER | |
|---|---|
| fixed length control field | 01812cam a2200421 a 4500 |
| 001 - CONTROL NUMBER | |
| control field | EDZ0000117191 |
| 003 - CONTROL NUMBER IDENTIFIER | |
| control field | StDuBDS |
| 005 - DATE AND TIME OF LATEST TRANSACTION | |
| control field | 20161031105146.0 |
| 006 - FIXED-LENGTH DATA ELEMENTS--ADDITIONAL MATERIAL CHARACTERISTICS--GENERAL INFORMATION | |
| fixed length control field | m||||||||d|||||||| |
| 007 - PHYSICAL DESCRIPTION FIXED FIELD--GENERAL INFORMATION | |
| fixed length control field | cr ||||||||||| |
| 008 - FIXED-LENGTH DATA ELEMENTS--GENERAL INFORMATION | |
| fixed length control field | 130111s2004 enk fo| 000|0|eng d |
| 020 ## - INTERNATIONAL STANDARD BOOK NUMBER | |
| International Standard Book Number | 9781446262429 (ebook) : |
| Terms of availability | No price |
| 040 ## - CATALOGING SOURCE | |
| Original cataloging agency | StDuBDS |
| Language of cataloging | eng |
| Transcribing agency | StDuBDS |
| Description conventions | pn |
| 041 0# - LANGUAGE CODE | |
| Language code of text/sound track or separate title | eng |
| -- | fre |
| -- | spa |
| 049 ## - LOCAL HOLDINGS (OCLC) | |
| Holding library | Alfaisal Main Library |
| 050 #0 - LIBRARY OF CONGRESS CALL NUMBER | |
| Classification number | HM479.C37 |
| Item number | M35 2004 |
| 082 04 - DEWEY DECIMAL CLASSIFICATION NUMBER | |
| Classification number | 300.92 |
| Edition number | 23 |
| 100 1# - MAIN ENTRY--PERSONAL NAME | |
| Personal name | Castells, Manuel, |
| Dates associated with a name | 1942- |
| 245 10 - TITLE STATEMENT | |
| Title | Manuel Castells |
| Medium | [electronic resource] / |
| Statement of responsibility, etc | edited by Frank Webster & Basil Dimitriou. |
| 260 ## - PUBLICATION, DISTRIBUTION, ETC. (IMPRINT) | |
| Place of publication, distribution, etc | London : |
| Name of publisher, distributor, etc | SAGE, |
| Date of publication, distribution, etc | 2004. |
| 300 ## - PHYSICAL DESCRIPTION | |
| Extent | 1 online resource (3 v. (various pagings)). |
| 490 1# - SERIES STATEMENT | |
| Series statement | SAGE masters of modern social thought |
| 505 0# - FORMATTED CONTENTS NOTE | |
| Formatted contents note | v. 1. From Marxism, France and The urban question to The city and the grassroots -- v. 2-3. From the informational city to the information age. |
| 520 8# - SUMMARY, ETC. | |
| Summary, etc | Premier analyst of the information age, Manuel Castells is one of the outstanding social scientist's working today. These volumes provide a prismatic guide to the writings of Castells on the city, the urban question, social movements, globalization and information technologies. |
| 521 ## - TARGET AUDIENCE NOTE | |
| Target audience note | Specialized. |
| 546 ## - LANGUAGE NOTE | |
| Language note | Text in English, French, and Spanish. |
| 588 ## - | |
| -- | Description based on print version record. |
| 504 ## - BIBLIOGRAPHY, ETC. NOTE | |
| Bibliography, etc | Includes bibliographical references. |
| 650 #0 - SUBJECT ADDED ENTRY--TOPICAL TERM | |
| Topical term or geographic name as entry element | Sociology. |
| 655 #7 - INDEX TERM--GENRE/FORM | |
| Genre/form data or focus term | Electronic books. |
| Source of term | local |
| 700 1# - ADDED ENTRY--PERSONAL NAME | |
| Personal name | Webster, Frank. |
| 700 1# - ADDED ENTRY--PERSONAL NAME | |
| Personal name | Dimitriou, Basil, |
| Dates associated with a name | 1941- |
| 710 2# - ADDED ENTRY--CORPORATE NAME | |
| Corporate name or jurisdiction name as entry element | Sage eBooks |
| 776 08 - ADDITIONAL PHYSICAL FORM ENTRY | |
| Display text | Print version : |
| International Standard Book Number | 9780761940432 |
| 830 #0 - SERIES ADDED ENTRY--UNIFORM TITLE | |
| Uniform title | SAGE masters of modern social thought. |
| 856 40 - ELECTRONIC LOCATION AND ACCESS | |
| Uniform Resource Identifier | <a href="http://ezproxy.alfaisal.edu/login?url=http://sk.sagepub.com/navigator/manuel-castells">http://ezproxy.alfaisal.edu/login?url=http://sk.sagepub.com/navigator/manuel-castells</a> |
| 942 ## - ADDED ENTRY ELEMENTS (KOHA) | |
| Source of classification or shelving scheme | Library of Congress Classification |
| Koha item type | eBooks |
No items available.

